000 00404nam a22001577a 4500
003 MPLRDC
005 20220104124903.0
008 210129b ||||| |||| 00| 0 eng d
082 _a857.9 WLS-17 v.2
100 _a卧龙生、祁钰合著
245 _a巧仙秦宝宝. 二
_c
260 _a
_b文天出版有限公司
_c1986
300 _b
650 _a武侠小说
942 _cBK
_o857.9 WLS-17 v.2
999 _c22939
_d22929